| 000 | 00405nam a22001457a 4500 | ||
|---|---|---|---|
| 999 |
_c535230 _d535230 |
||
| 020 | _a978-0131457300 | ||
| 040 | _cMSOHAIL | ||
| 082 |
_a550 _bKEH |
||
| 100 |
_aAlan E. Kehew _929679 |
||
| 245 | _aGeology for Engineers Environmental Scientists - 3rd edi | ||
| 250 | _a3rd | ||
| 260 |
_aPearson; _bIndia _cc2017 |
||
| 300 |
_a720;pxv _b3.11 pounds _c8.23 x 1.46 x 9.88 inche _eP.B. |
||
| 942 |
_2ddc _cBK _e3rd |
||